| 000 | 00767nam a2200205Ia 4500 | ||
|---|---|---|---|
| 999 |
_c65187 _d65187 |
||
| 005 | 20240530110811.0 | ||
| 008 | 140319s2009 jo a b 000 0 ara d | ||
| 017 |
_a2008/10/3466 _bعمان . دائرة المكتبة الوطنية |
||
| 040 |
_aGCL / _cGCL |
||
| 082 | 0 | 4 |
_221 _a769.565 / _bن ت |
| 100 | 0 | _aنور الدين احمد النادى | |
| 245 | 1 | 0 |
_aتصميم التغليف / _cتأليف نور الدين احمد النادى ( ... واخ ) |
| 250 | _aط.1 | ||
| 260 |
_aعمان : _bمكتبة المجتمع العربى للنشر والتوزيع، _c2009 . |
||
| 300 |
_a215 ص. : _bايض. ؛ _c24 سم. |
||
| 650 | 0 | 7 |
_aالتغليف _2qrmak |
| 651 | _2qrmak | ||
| 942 |
_2ddc _cBK |
||